00454nam a2200157 a 450000100060000000300090000600800410001502000150005604000280007108200200009910000340011924500480015326000300020130000110023165000540024218136CO-ViMGA141112s2004 ck r 000 u spa d a9684443056 aCO-ViMGAbspacCO-ViMGA04a868.99809 O734h1 aOseguera de Chavez, Eva Lydia10aHistoria de la literatura Latinoaméricana aMexico, cPearson, c2000 a367.p.14aLITERATURA Latinoaméricana - HISTORIA Y CRITICA